La promoción estatal del desarrollo del sector industrial en Costa Rica /

Guardado en:
Bibliografiske detaljer
Hovedforfatter: Carcanholo Fogaca, Reinaldo Andrés
Andre forfattere: Díaz, Alvaro
Format: Texto
Udgivet: s.n.t. :
Tags: Tilføj Tag
Ingen Tags, Vær først til at tagge denne postø!

MARC

LEADER 00000 a a2200000 04500
001 16310
003
040 |a CRAI/IIS  |c CRAI/IIS 
090 |a 012900  
100 |a Carcanholo Fogaca, Reinaldo Andrés  
245 |a La promoción estatal del desarrollo del sector industrial en Costa Rica /  |c Reinaldo Andrés Carcanholo Fogaca 
260 |a s.n.t. :  
300 |a 20 p.  
500 |a Proyecto de investigación  
700 |a Díaz, Alvaro  
999 |c 6717  |d 6717